All Nessa Barrett songs - Statistics

General Stats
  • This quiz has been taken 422 times
    30 since last reset
  • The average score is 35 of 71
Answer Stats
Answer % Correct
PORNSTAR
71%
american jesus
64%
Buffalo 66
64%
hell is a teenage girl
64%
High On Heaven
64%
la di die
64%
lie
64%
lovebomb
64%
LOVE LOOKS PRETTY ON YOU
64%
Moulin Rouge
64%
pretty poison
64%
Stay With Me
64%
AFTERCARE
57%
dear god
57%
die first
57%
DIRTY LITTLE SECRET
57%
fuckmarrykill
57%
gaslight
57%
girl in new york
57%
heartbreak in the hamptons
57%
if u love me
57%
i hope ur miserable until ur dead
57%
KEEP YOUR EYES ON ME BOY
57%
Pain
57%
PINS AND NEEDLES
57%
sincerely
57%
tired of california
57%
Black Haired Madonna
50%
BLUE VALENTINE
50%
BREAKFAST IN BED
50%
club heaven
50%
counting crime
50%
decay
50%
DOES GOD CRY?
50%
dying on the inside
50%
EDWARD SCISSORHANDS
50%
GLITTER AND VIOLENCE
50%
god's favorite
50%
grave
50%
HEARTBEAT
50%
MUSTANG BABY
50%
PASSENGER PRINCESS
50%
plane to paris
50%
sick of myself
50%
S.L.U.T
50%
too hot to cry
50%
505
43%
BANG! BANG!
43%
DISCO
43%
do you really want to hurt me?
43%
forgive the world
43%
i wanna die
43%
keep me afraid
43%
madhouse
43%
noose
43%
RUSSIAN ROULETTE
43%
scare myself
43%
STAY ALIVE
43%
AMERICAN BEAUTY
36%
BABYDOLL
36%
deathmatch
36%
GIVEN ENOUGH
36%
I'm Dead
36%
lucky star
36%
motel whore
36%
Special To You
36%
the one that should've got away
36%
unnecessary violence
36%
talk to myself
29%
Vemon
7%
West Coast Player
7%
No matching quizzes found
Score Distribution
Percent of People with Each Score
Percentile by Number Answered
Your Score History
You have not taken this quiz since the last reset